Pilotes de Formule 1 en 2012 - Statistiques

Statistiques générales
  • Ce quiz a été pris 44 fois
  • Le résultat moyen est 20 sur 25
Statistiques - réponses
Ecurie Numéro Nationalité Nom du pilote Grand Prix disputés % Correct
Ferrari 5 Espagnol Alonso Tous
100%
Mclaren 4 Britannique Hamilton Tous
100%
Ferrari 6 Brésilien Massa Tous
100%
Redbull 1 Allemand Vettel Tous
100%
Mercedes 8 Allemand Rosberg Tous
97%
Redbull 2 Australien Webber Tous
97%
Mclaren 3 Britannique Button Tous
95%
Mercedes 7 Allemand Schumacher Tous
95%
Lotus 10 Français Grosjean Tous sauf Monza (suspendu suite au crash de Spa-Francorchamps)
92%
Sauber 15 Mexicain Pérez Tous
92%
Lotus 9 Finlandais Raikkonen Tous
92%
Toro Rosso 17 Français Vergne Tous
90%
Williams 18 Vénézuélien Maldonado Tous
85%
Toro Rosso 16 Australien Ricciardo Tous
82%
Force India 12 Allemand Hülkenberg Tous
79%
Sauber 14 Japonais Kobayashi Tous
79%
Williams 19 Brésilien Senna Tous
72%
Marussia 25 Français Pic Tous
69%
Caterham 20 Finlandais Kovalainen Tous
67%
HRT 22 Espagnol de la Rosa Tous
59%
Caterham 21 Russe Petrov Tous
56%
Force India 11 Britannique di Resta Tous
49%
Marussia 24 Allemand Glock Tous
49%
Lotus 10 Belge d'Ambrosio Monza
41%
HRT 23 Indien Karthikeyan Tous
38%
Aucun quiz correspondant
Distribution des résultats
% des personnes avec chaque résultat
Percentile par nombre de réponses
Votre historique - résultats
Vous n’avez pas pris ce quiz